000 00870cam a2200265 04500
001 4103
005 20210117175710.0
035 _a(bn)22234
090 _a4103
100 _a19970205d1981 m y0pory5003 ba
101 1 _ceng
200 1 _aˆA ‰morte de Lord Edgware ;
_aTestemunha de acusação
_fAgatha Christie
_gtrad. Almeida Campos e Maria Emília Ferros Moura [respectivamente]
210 _aLisboa
_cLivros do Brasil,
215 _a475, [4] p.
_d22 cm
225 2 _aVampiro gigante
_v9
304 _aTít. orig.: Lord Edgware dies ; The hound of death
517 1 _aTestemunha de acusação
600 _aAgatha Christie
601 _aLivros do Brasil,
675 _a821.111-312.4"19"
_vBN
_zpor
700 1 _aChristie,
_bAgatha,
_f1890-1976
702 1 _aCampos,
_bLuís de Almeida
_4730
702 1 _aMoura,
_bMaria Emília Ferros
_4730
801 0 _aPT
_bBN
_gRPC
942 _cBK